[Event "Oberliga Nord O 0506"]
[Site "Germany"]
[Date "2005.11.13"]
[Round "2.4"]
[White "Krug, Peter"]
[Black "Pfeffer, Ruprecht"]
[Result "1/2-1/2"]
[WhiteElo "2188"]
[BlackElo "2172"]
[PlyCount "92"]
[EventDate "2005.10.23"]
[EventType "team-tourn"]
[EventRounds "9"]
[EventCountry "GER"]
[SourceTitle "EXT 2007"]
[Source "ChessBase"]
[SourceDate "2006.11.23"]
[SourceVersion "1"]
[SourceVersionDate "2006.11.23"]
[SourceQuality "1"]
[WhiteTeam "Friesen Lichtenberg"]
[BlackTeam "Frankfurt Preussen"]
[WhiteTeamCountry "GER"]
[BlackTeamCountry "GER"]

1. e4 c5 2. Nf3 e6 3. d4 cxd4 4. Nxd4 a6 5. Bd3 Qc7 6. 0-0 Nf6 7. Nc3 Be7 8. Kh1 b5 9. a3 Bb7 10. f4 d6 11. Qe1 Nc6 12. Nxc6 Qxc6 13. Qg3 g6 14. Bd2 h5 15. Qh3 Ng4 16. Rae1 Qb6 17. Re2 0-0-0 18. b4 Kb8 19. Qg3 Rdg8 20. a4 f5 21. axb5 h4 22. Qf3 axb5 23. Be3 Qc6 24. Bd4 Bf6 25. Bxb5 Qc7 26. Rd1 h3 27. gxh3 Bxd4 28. Rxd4 Nf6 29. Rc4 Qb6 30. Qe3 Qxe3 31. Rxe3 Rc8 32. Kg1 Nxe4 33. Nxe4 fxe4 34. c3 Rhf8 35. Rd4 d5 36. Bd7 Rcd8 37. Bxe6 Rxf4 38. c4 Rdf8 39. cxd5 Kc7 40. d6+ Kd8 41. b5 Rf1+ 42. Kg2 R1f2+ 43. Kg3 Rf1 44. Rd2 Rg1+ 45. Rg2 Rxg2+ 46. Kxg2 Rf6 1/2-1/2